Oxford learner's grammar : Grammar builder

Na minha lista:
Detalhes bibliográficos
Autor principal: Eastwood, John
Formato: Livro
Idioma:Undetermined
Publicado em: Oxford Oxford University Press 2005
Assuntos:
Tags: Adicionar Tag
Sem tags, seja o primeiro a adicionar uma tag!
Thư viện lưu trữ: Trung tâm Học liệu Trường Đại học Cần Thơ
LEADER 00638nam a2200217Ia 4500
001 CTU_129357
008 210402s9999 xx 000 0 und d
020 |c 116000 
082 |a 425 
082 |b E13 
100 |a Eastwood, John 
245 0 |a Oxford learner's grammar : 
245 0 |b Grammar builder 
245 0 |c John Eastwood 
260 |a Oxford 
260 |b Oxford University Press 
260 |c 2005 
650 |a English language,English language,Anh ngữ thực hành 
650 |x Grammar,Textbooks for foreign speakers,Ngữ pháp 
904 |i Giang 
980 |a Trung tâm Học liệu Trường Đại học Cần Thơ